000 00809nam a2200253Ia 4500
003 OSt
005 20220918171339.0
006 a|||||r|||| 00| 0
007 ta
008 220917b |||||||| |||| 00| 0 eng d
020 _a9781517902261
_cUKP 20.99
024 _a348,764
037 _b57444, 07/03/2019, Segment Book Distributors
_cTextual
040 _aARTS
_cARTS
_beng
041 _2eng
_aeng
082 _aF, Q8
100 _aKapp Ernst Au.
_936022
245 0 _aElements of a philosophy of technology
_b on the evolutionary history of culture
260 _aLondon
_bUniversity of Minnesota press UK
_c2018
300 _axiiii,309p.
_ccm.
650 _aTECHNOLOGY
942 _hF, Q8
_cTEXL
_2CC
999 _c139171
_d139171